000 00405nam a2200145Ia 4500
041 _aArabic
082 _a631.4 cut-497 ش
100 _a20260118u\\\\\\\\\\\y0engy0103\\\\ba
100 _aابراهيم ابراهيم شريف
245 0 _aجغرافية التربة
250 _aط1
260 _bمطبعة جامعة بغداد
_aبغداد -العراق
_c1985
300 _a312
942 _cBk
999 _c190205
_d190205